000 00368nam a2200133 i 4500
001 bg
245 0 0 _aTechnika badań wysokonapięciowych :
_bpraca zbiorowa.
_nT. 1 /
_cpod kier. Romualda Kosztaluka.
260 _aWarszawa,
_c1985.
700 1 _aKosztulak, Romuald.
_eRed.
040 _cBPK
041 _apol
942 _cKS
008 s pl f |000 0 pol
999 _c28108
_d28108
856 _uhttp://koha.tu.koszalin.pl/cgi-bin/koha/opac-detail.pl?biblionumber=28108
_yKatalog online BPK